000 00966cam a22003137a 4500
003 CHAP
005 20220329141217.0
008 971010s1974 r 00010 d
010 _a64423
011 _a65395
035 _a72114
040 _cCHAP
090 _aFolleto 18104
110 1 _aComisión Nacional de Fruticultura. México
_925772
245 1 3 _aEl cultivo del tejocote
260 _aMéxico, D.F. :
_bComisión Nacional de Fruticultura,
_c1974
300 _a6 p.
490 0 _aFolleto de divulgación
_v; 13
500 _aD96-109
590 _aBATCH-UPD
_b10
_c20130110
_lUCH01
_h1947
590 _aBATCH-UPD
_b10
_c20130410
_lUCH01
_h1309
590 _aBATCH-UPD
_b10
_c20130914
_lUCH01
_h1423
590 _aCONVERSION
_b10
_c20130109
_lUCH01
_h1335
650 1 4 _aTejocote.
_9112033
830 0 _aFolleto de divulgación
_v; 13
_942033
901 _aBK
942 _cFOLL
949 _aFolleto 18104
_bBC
_cFOLL
_d33724002316959
_eTS1
_gDonaciØn
_i72114
_sb
999 _c64423
_d64423